000 00332 a2200109 4500
001 ART_18739
005 20260410161817.0
008 260409a
245 1 0 _aDe Videla a Fujimori
100 1 _aGil Lavedra, Ricardo
773 0 _tRevista Juridica de Buenos Aires
_gTestimonio de derecho penal (ene. 2011)
_wREV4315
999 _c22010
_d22010